| 000 | 00559nam a2200205Ia 4500 | ||
|---|---|---|---|
| 003 | OSt | ||
| 005 | 20210930072936.0 | ||
| 008 | 151015s9999 xx 000 0 und d | ||
| 020 | _a133374866 | ||
| 040 |
_aMMU _beng _cMMU _dMMU |
||
| 050 | _aQA76.9.A25P45 1996 | ||
| 100 | _aPfleeger, Charles P. | ||
| 245 |
_a_Security in computing / _cCharles P. Pfleeger. |
||
| 250 | _a2nd ed. | ||
| 260 |
_aUpper Saddle: _bPrentice hall, _c 1996. |
||
| 300 | _axviii, 574 p. : | ||
| 500 | _ainclude index | ||
| 650 | _a_Computer security | ||
| 942 |
_2lcc _cLOAN LOAN |
||
| 999 |
_c3714 _d3714 |
||